00801 2200289 4500001002100000005001500021035002500036090002000061090002200081245005800103260003700161300002800198007000300226008004100229020002200270040001700292082001500309084001700324100002200341250002000363650001900383850001200402504003100414999002200445990002200467990002200489YOGYA00000000008706320221221101027 a0010-081400000086780 aDEP 155.4 ADE p aCB-D.11 2011-235910aPsikologi bayi, balita, dan anak /cAde Benih Nirwana3 aYogyakarta :bNuha Medika,c2011 aviii, 222 hlm. ;c23 cmta131205s2011 yoia g ind d a978-602-9129-17-5 aYOPDYOGbind04223a155.42 a155.42 ADE p0 aAde Benih Nirwana aCet.1 Juli 2011 4aPsikologi anak aYOPDYOG aBibliografi : hlm. 219-222 aCB-D.11/2011-2359 aCB-D.11/2011-2359 aCB-D.11/2011-2359